| 000 | 00574nam a22001937a 4500 | ||
|---|---|---|---|
| 999 |
_c180673 _d180673 |
||
| 005 | 20210813143604.0 | ||
| 010 | _aB-741107 | ||
| 020 |
_a8188539036 _c650.00 |
||
| 035 | _aB-741107 | ||
| 037 | _bGift | ||
| 082 | _aS | ||
| 100 | _aJoshi, Dinesh | ||
| 245 |
_aWorld's famous unforgettable stories / _cby Dinesh Joshi |
||
| 260 |
_aNew Delhi _bAkshar Mala _c2020 |
||
| 270 |
_aA-47, Amar Colony, Lajpat Nagar _bNew Delhi _e110024 |
||
| 300 |
_a248p.: _c22cm(Hb) _bill. |
||
| 942 |
_2ddc _cCH _hS _mJOS |
||